| 000 | 00489nam a2200169 4500 | ||
|---|---|---|---|
| 001 | 132631 | ||
| 003 | ES-MaACL | ||
| 005 | 20230906194221.0 | ||
| 007 | t| | ||
| 008 | 070214s1910 fr r ||||1| fre d | ||
| 100 | 1 |
_aRonsard, Pierre de. _999517 |
|
| 245 | 1 | 4 |
_aLes odes / _cde P. de Ronsard. |
| 250 |
_aNouvelle éd. publ. d'après le texte de 1578 _bpar Hugues Vaganay. |
||
| 260 |
_aLyon : _b[s. n.], _c1910. |
||
| 700 | 1 |
_aVaganay, Hugues. _9112398 |
|
| 852 |
_aES-MaACL _jT-1378-F-10 |
||
| 999 |
_c132631 _d132631 |
||